000 00626nam a2200193Ia 4500
005 20250508160414.0
008 008 250505s9999 xx 000 0 eng d
037 _aDissertations
040 _aFEDL
_beng
_cFEDL
041 _aeng
_2eng
084 _a375.5, KAL/DI
_qFEDL
100 _aKalla Asha
_9767225
245 0 _aCritical anaiysis of eighth class general science syllabus in relation to the expressed scientific interests of eighth class pupils
260 _c1969
300 _a95p.
546 _aM.Ed. Dissertation (Delhi University)
942 _cDIS
_h375.5, KAL/DI
999 _c1364411
_d1364411